Telecommunications ( CEASED ) (Record no. 19764)

MARC details
000 -LEADER
fixed length control field 00299nam a2200109Ia 4500
008 - FIXED-LENGTH DATA ELEMENTS--GENERAL INFORMATION
fixed length control field 230205s9999 xx 000 0 und d
082 ## - DEWEY DECIMAL CLASSIFICATION NUMBER
Classification number 105.23
245 #0 - TITLE STATEMENT
Title Telecommunications ( CEASED )
260 ## - PUBLICATION, DISTRIBUTION, ETC. (IMPRINT)
Name of publisher Secretary,Telecommunications,Jabalpur
Place of publication India
Year of publication 2005
650 ## - SUBJECT ADDED ENTRY--TOPICAL TERM
Topical Term Electronics & Comm.
942 ## - ADDED ENTRY ELEMENTS (KOHA)
Koha item type Journal
952 ## - LOCATION AND ITEM INFORMATION (KOHA)
Year 2006
952 ## - LOCATION AND ITEM INFORMATION (KOHA)
Year 2006
952 ## - LOCATION AND ITEM INFORMATION (KOHA)
Year 2006
952 ## - LOCATION AND ITEM INFORMATION (KOHA)
Year 2007
952 ## - LOCATION AND ITEM INFORMATION (KOHA)
Year 2007
952 ## - LOCATION AND ITEM INFORMATION (KOHA)
Year 2007
952 ## - LOCATION AND ITEM INFORMATION (KOHA)
Year 2007
952 ## - LOCATION AND ITEM INFORMATION (KOHA)
Year 2007
952 ## - LOCATION AND ITEM INFORMATION (KOHA)
Year 2008
952 ## - LOCATION AND ITEM INFORMATION (KOHA)
Year 2006
952 ## - LOCATION AND ITEM INFORMATION (KOHA)
Year 2005
952 ## - LOCATION AND ITEM INFORMATION (KOHA)
Year 2006
952 ## - LOCATION AND ITEM INFORMATION (KOHA)
Year 2005
952 ## - LOCATION AND ITEM INFORMATION (KOHA)
Year 2005
952 ## - LOCATION AND ITEM INFORMATION (KOHA)
Year 2005
952 ## - LOCATION AND ITEM INFORMATION (KOHA)
Year 2005
Holdings
Serial Enumeration / chronology Price effective from Koha item type Withdrawn / writtenoff status Damaged status Not for loan Collection code Permanent Location Current Location Date acquired Lost/ Missing status department
Year 2006, Vol 56, Issue 3-4 02/05/2023 Journal     Not For Loan   MIET Library, Jammu MIET Library, Jammu 12/19/2006   BE
Year 2006, Vol 56, Issue 5 02/05/2023 Journal     Not For Loan   MIET Library, Jammu MIET Library, Jammu 01/23/2007   BE
Year 2006, Vol 56, Issue 6 02/05/2023 Journal     Not For Loan   MIET Library, Jammu MIET Library, Jammu 03/17/2007   BE
Year 2007, Vol 57, Issue 1 02/05/2023 Journal     Not For Loan   MIET Library, Jammu MIET Library, Jammu 06/07/2007   BE
Year 2007, Vol 57, Issue 2 02/05/2023 Journal     Not For Loan   MIET Library, Jammu MIET Library, Jammu 08/13/2007   BE
Year 2007, Vol 57, Issue 3 02/05/2023 Journal     Not For Loan   MIET Library, Jammu MIET Library, Jammu 11/14/2007   BE
Year 2007, Vol 57, Issue 4 02/05/2023 Journal     Not For Loan   MIET Library, Jammu MIET Library, Jammu 01/10/2008   BE
Year 2007, Vol 57, Issue 5 02/05/2023 Journal     Not For Loan   MIET Library, Jammu MIET Library, Jammu 04/03/2008   BE
Year 2008, Vol 57, Issue 06 02/05/2023 Journal     Not For Loan   MIET Library, Jammu MIET Library, Jammu 06/04/2008   BE
Year 2006, Vol 56, Issue 2 02/05/2023 Journal     Not For Loan   MIET Library, Jammu MIET Library, Jammu 07/26/2006   BE
Year 2005, Vol 55, Issue 6 02/05/2023 Journal     Not For Loan   MIET Library, Jammu MIET Library, Jammu 05/23/2006   BE
Year 2006, Vol 56, Issue 1 02/05/2023 Journal     Not For Loan   MIET Library, Jammu MIET Library, Jammu 05/23/2006   BE
Year 2005, Vol 55, Issue 1 02/05/2023 Journal     Not For Loan   MIET Library, Jammu MIET Library, Jammu 04/06/2005   BE
Year 2005, Vol 55, Issue 2 02/05/2023 Journal     Not For Loan   MIET Library, Jammu MIET Library, Jammu 06/09/2005   BE
Year 2005, Vol 55, Issue 3 02/05/2023 Journal     Not For Loan   MIET Library, Jammu MIET Library, Jammu 07/27/2005   BE
Year 2005, Vol 55, Issue 4 02/05/2023 Journal     Not For Loan   MIET Library, Jammu MIET Library, Jammu 09/28/2005   BE